Galerie des contemporains illustres, par un homme de Rien. 53e. livraison (5e. du 5e. vol.) Larrey

Detalles Bibliográficos
Autor principal: Loménie, Louis Léonard de, 1815-1878
Formato: Libro
Lenguaje:French
Publicado: Paris : A. René et cie., imprimeurs-éditeurs, rue de Seine Saint-Germain, 32, 1842.
Materias:
Colección:Banco de datos
Acervo:Universidad Autónoma Benito Juárez de Oaxaca. Biblioteca Francisco de Burgoa. Colección Dr. Aurelio Valdivieso
Descripción Física:[1] h. pleg., 36 p., [1] h. : il. ; 16 cm.
Notas:Portada tipográfica con orla y pleca. Texto a renglón seguido con paginación en números arábigos y notas a pie de página
LEADER 01027nam a22001930004500
035 |a 448 
041 0 |a fre 
100 1 |a Loménie, Louis Léonard de, 1815-1878 
245 1 0 |a Galerie des contemporains illustres, par un homme de Rien. 53e. livraison (5e. du 5e. vol.) Larrey 
260 |a Paris : A. René et cie., imprimeurs-éditeurs, rue de Seine Saint-Germain, 32, 1842.  
300 |a [1] h. pleg., 36 p., [1] h. : il. ; 16 cm. 
500 |a Portada tipográfica con orla y pleca. Texto a renglón seguido con paginación en números arábigos y notas a pie de página 
501 |a 8 obras 
504 |a Al final de la obra está el catálogo de publicaciones en venta de la casa impresora 
600 1 4 |a Larrey-Biografías 
852 |a Universidad Autónoma "Benito Juárez" de Oaxaca, Biblioteca Francisco de Burgoa, Colección Dr. Aurelio Valdivieso 7804-C 
942 |c BURVAL 
943 |g Universidad Autónoma Benito Juárez de Oaxaca. Biblioteca Francisco de Burgoa. Colección Dr. Aurelio Valdivieso 
999 |c 1117838  |d 1117838